Pasturas perennes artificiales para la región pampeana subhúmeda y semiárida /
Guardado en:
| Autor Principal: | |
|---|---|
| Formato: | Libro |
| Publicado: |
La Pampa :
Inta,
1963
|
| Materias: | |
| Etiquetas: |
Agregar Etiqueta
Sin Etiquetas, Sea el primero en etiquetar este registro!
|
| LEADER | 01021nam a22002295a 4500 | ||
|---|---|---|---|
| 001 | CEM.cems018025 | ||
| 005 | 20130613113855.0 | ||
| 008 | 130507s1963##################000#0#####d | ||
| 003 | CEMS | ||
| 082 | 0 | 4 | |a 633.2 |
| 100 | 1 | |a Covas, Guillermo | |
| 245 | 1 | 0 | |a Pasturas perennes artificiales para la región pampeana subhúmeda y semiárida / |c Guillermo Covas |
| 260 | |a La Pampa : |b Inta, |c 1963 | ||
| 300 | |a 43 p. | ||
| 505 | 0 | |a Establecimiento y manejo de pasturas perennes -- Posición de la pastura en el plan de rotación -- Preparación de la cama de siembra -- Elección de las especies que integrarón la pastura -- Siembra de la pastura -- Manejo de la pastura en la etapa de su establecimiento -- Manejo de la pastura en la etapa de utilización | |
| 653 | |a Pasturas | ||
| 653 | |a Pasturas perennes artificiales | ||
| 653 | |a Región pampeana-pasturas | ||
| 653 | |a Leguminosas | ||
| 653 | |a Gramíneas | ||
| 653 | |a Pasturas artificiales-composición | ||
| 859 | |a CEMS |b BIB. CEMS - Agricultura |h 633.2 |i C837 |p A1907.13 |t Ej.1 | ||
